| 000 | 00512nam a2200193Ia 4500 | ||
|---|---|---|---|
| 005 | 20250508162619.0 | ||
| 008 | 008 250505s9999 xx 000 0 eng d | ||
| 037 | _aTextual | ||
| 040 |
_aFEDL _beng _cFEDL |
||
| 041 |
_aeng _2eng |
||
| 084 |
_a111.85, BOR _qFEDL |
||
| 100 |
_aBorev Yuri _9605004 |
||
| 245 | 0 | _aAesthetics : A text book | |
| 260 |
_aMoscow _bProgress Publishers _c1985 |
||
| 300 | _a329p | ||
| 650 | _aPhilosophy | ||
| 942 |
_cTEXL _h111.85, BOR |
||
| 999 |
_c1377642 _d1377642 |
||